000 00633nam a2200193 i 4500
001 136310
003 ES-MaACL
005 20250925063042.0
007 t|
008 070214s1980 sp r ||||1| spa d
100 1 _aRumeu de Armas, Antonio,
_d1912-2006
_9100991
245 1 0 _aOrigen y fundación del Museo del Prado /
_cAntonio Rumeu de Armas.
260 _aMadrid :
_bInstituto de España,
_c1980.
300 _a133 p., 8 lám. :
_bil. ;
_c19 cm.
610 2 4 _aMuseo Nacional del Prado-
_vHistoria.
_95866
710 2 _aInstituto de España.
_94873
852 _aES-MaACL
_jE-6142
_bR.100988
999 _c136310
_d136310